| Tag |
First Indicator |
Second Indicator |
Subfields |
| LEADER |
00000nam a22000004u 4500 |
| 001 |
in00004680921 |
| 006 |
m o d |
| 007 |
cr |n|---||||| |
| 008 |
130808s2013 xx ob 001 0 eng d |
| 005 |
20260214204350.0 |
| 020 |
|
|
|a 9781118660331
|
| 020 |
|
|
|a 1118660331
|
| 020 |
|
|
|a 9781118282427
|q (hardback ;
|q alk. paper)
|
| 020 |
|
|
|a 1118282426
|q (hardback ;
|q alk. paper)
|
| 020 |
|
|
|a 9781118660423
|q (online product)
|
| 020 |
|
|
|a 1118660420
|q (online product)
|
| 020 |
|
|
|a 9781118660492
|q (mobi)
|
| 020 |
|
|
|a 1118660498
|q (mobi)
|
| 020 |
|
|
|a 9781118660621
|q (epub)
|
| 020 |
|
|
|a 1118660625
|q (epub)
|
| 035 |
|
|
|a wil6007436
|
| 035 |
|
|
|a (NhCcYBP)wil6007436
|
| 040 |
|
|
|a NhCcYBP
|b eng
|c NhCcYBP
|
| 050 |
|
4 |
|a RC271 .C44
|
| 060 |
1 |
0 |
|a QZ 266
|
| 082 |
0 |
4 |
|a 616.99
|a 616.99406
|
| 100 |
1 |
|
|a Shah, Khalid.
|
| 245 |
1 |
0 |
|a Stem Cell Therapeutics for Cancer.
|
| 260 |
|
|
|a Hoboken :
|b Wiley,
|c 2013.
|
| 300 |
|
|
|a 1 online resource (354 pages)
|
| 336 |
|
|
|a text
|b txt
|2 rdacontent
|
| 337 |
|
|
|a computer
|b c
|2 rdamedia
|
| 338 |
|
|
|a online resource
|b cr
|2 rdacarrier
|
| 588 |
0 |
|
|a Print version record.
|
| 520 |
|
|
|a Stem Cell Therapeutics for Cancer covers the application of stem cells in various cancers, with an emphasis on the aspects of these strategies that are critical to the success of future stem cell-based therapies for cancer. Topics covered in the book include stem cell sources, tumor specificity, targeted therapeutics, visualizing the stem cell, and therapeutic agent pharmacokinetics. Each chapter contains a brief introduction to the cancer, followed by an exploration of how engineered stem cells have been utilized to cure the disease in mouse models and in early phase clinical trials.
|
| 504 |
|
|
|a Includes bibliographical references and index.
|
| 505 |
0 |
|
|a Stem cell sources and their potential for cancer therapeutics / Khalid Shah -- The role of CXCR4 as a mediator of glioma-tropic neural precursor cell migration / Moneeb Ehtesham, Elliot Min, and Rebecca Kasl -- Tumor trophic migration of mesenchymal stem cells / Paula Y.P. Lam and Ivy A.W. Ho -- Stem cell mediated TRAIL therapy for highly aggressive brain tumors / Khalid shah -- Stem cells mediated pro-drug gene therapy of high grade brain tumors / Cestmir Altaner -- Role of naïve cord blood stem cells in glioma therapy / Venkata Ramesh Dasari ... [et al.] -- Stem-cell based anti-angiogenic therapies for brain tumors / Navid Redjal and Khalid Shah -- Treatment of metastatic neuroblastoma with mesenchymal stem cell based oncolytic virotherapy / Manuel Ramirez and Javier García-Castro -- Umbilical cord matrix stem cells for cytotherapy of breast cancer / Naomi Ohta ... [et al.] -- Mesenchymal stromal cells as effective tumor antigen-presenting cells in cancer therapeutics / Raphaëlle Romieu-Mourez and Jacques Galipeau -- Diagnostic and therapeutic mesenchymal stem cells for breast cancer treatment / Roisin Dwyer -- Genetically engineered stem cell therapies targeting gastrointestinal malignancy / Emily Keung, Peter J. Nelson, and Claudius Conrad -- Mesenchymal stem cells in prostate cancer : clinical opportunities / Diptiman Chanda and Selvarangan Ponnazhagan -- Primed mesenchymal stromal cells for cancer therapy / Augusto Pessina ... [et al.] -- Microrna adjuvants in stem cell-based cancer therapy / Maarten Anderegg and Marten Corsten -- Stem cell-based combination therapies for cancer : systemic delivery of a PI3K/mTOR inhibitor (PI-103) and stem cell-mediated delivery of TRAIL in brain tumors / Tugba Bagci-Onder -- The efficacy of clinically approved agents with stem cell delivered therapeutics for cancer therapy / Hiroaki Wakimoto and Khalid Shah -- Imaging migration and fate of stem cells in experimental models of cancer / Deepak Bhere and Khalid Shah -- Multi-functional molecules for interrogating stem cell-based therapeutics / Shawn Hingtgen -- Tracking cancer targeted MSC by PET imaging / Véronique Roelants and Jean-Louis Vanoverschelde.
|
| 650 |
|
0 |
|a Stem cells
|x Therapeutic use.
|
| 650 |
|
0 |
|a Cancer
|x Treatment.
|
| 655 |
|
4 |
|a Electronic books.
|
| 776 |
0 |
8 |
|i Print version:
|z 9781118282427
|
| 856 |
4 |
0 |
|u http://proxy.library.tamu.edu/login?url=https://onlinelibrary.wiley.com/book/10.1002/9781118660423
|z Connect to the full text of this electronic book
|t 0
|
| 955 |
|
|
|a Wiley EBA record
|
| 975 |
|
|
|p Wiley UBCM Full Collection 2026
|
| 999 |
f |
f |
|s f28285b9-1574-4f2a-be1f-76f8276da575
|i 565a55bb-c9ad-4cbb-a532-d3f3c277ded1
|t 0
|
| 952 |
f |
f |
|a Texas A&M University
|b College Station
|c Electronic Resources
|s evans_pda
|d Available Online
|t 0
|e RC271 .C44
|h Library of Congress classification
|
| 998 |
f |
f |
|a RC271 .C44
|t 0
|l Available Online
|